000 00514nam a22001697a 4500
005 20251108173203.0
008 250721s2004 xx 000 0 ara d
082 1 4 _aم/962.16/كما
100 1 _aكمال، أحمد عادل
245 1 0 _aأطلس تاربخ القاهره /
264 1 _aالقاهرة :
_bدار السلام للطباعة و النشر و التوزيع،
_c2004.
300 _a304ص
650 1 7 _aتاريخ مصر
650 1 7 _aالقاهرة
942 _2ddc
_cREF
999 _c98063
_d98063